| 000 | 02375ncm0a22003971 4500 | ||
|---|---|---|---|
| 001 | RU\NLR\ONIZ\218816 | ||
| 005 | 20250626062709.0 | ||
| 010 | _a978-5-9288-0175-5 | ||
| 021 |
_aRU _b10-564н _910-49н |
||
| 035 | _aRU\NLR\ONIZ\Таня\5000004746\20170616093930 | ||
| 035 | _a(NLR Aleph) 011415304 | ||
| 090 |
_a11581364 _c11581364 |
||
| 100 | _a20170616d2010 |||y0rusy50 ca | ||
| 101 | 0 | _arus | |
| 102 | _aRU | ||
| 125 | _azx | ||
| 145 | 0 | _au | |
| 200 | 1 |
_aРабочая тетрадь № 1. Методическая разработка VI уровня обучения многоуровневой обучающей программы В. В. Емельянова "Фонопедический метод развития голоса" _bНоты _e(метод. прил. к кн. "Развитие голоса. Координация и тренинг" _fВ. В. Емельянов, И. А. Трифонова |
|
| 210 |
_aЯлуторовск _c[Б. и.] _d2010 |
||
| 215 |
_a100 с. _d29 см |
||
| 300 | _aНа с. 3: от авт. | ||
| 313 | _aСистематизация документа проведена по изданию - Методика классифицирования музыкальных произведений (нотных изданий) по таблицам Библиотечно-библиографических классификаций : метод. рекомендации / Гос. б-ка СССР им. В.И. Ленина.- М., 1977. Индексу ББК методических рекомендаций присваивается код ББК для научных библиотек - LBC/SL | ||
| 606 | 1 |
_aВокальная педагогика _yРоссия _zXXI век _jНоты _2nlr_sh |
|
| 686 |
_aЩ943.9(2Р) _vLBC/SL _2rubbk |
||
| 700 | 1 |
_9z01790 _aЕмельянов _bВ. В. _gВиктор Вадимович _4070 |
|
| 701 | 1 |
_9z02790 _aТрифонова _bИ. А. _gИнна Александровна _4070 |
|
| 790 | 1 |
_9z01700 _aEmel`yanov _bV. V. _gViktor Vadimovich _4070 |
|
| 790 | 1 |
_9z02701 _aTrifonova _bI. A. _gInna Aleksandrovna _4070 |
|
| 801 | 0 |
_aRU _bNLR _c20170616 _gPSBO |
|
| 801 | 1 |
_aRU _bNLR _c20170616 _2rusmarc |
|
| 801 | 2 |
_aRU _bNLR _c20170616 |
|
| 852 |
_aNLR _bМ _jК-3/28117(1) _pМОЭ 2010-49н/564н (2 экз.) _t1 |
||
| 942 | _cSCORE | ||
| 980 | _aNB | ||
| 980 | _aONIZ | ||